000 00866nam a22002897a 4500
001 BR7908118
003 BR-BrBNA
005 20230928090332.0
007 ta
008 230509b bl.||||| |||| 00| 0 por d
040 _aBR-BrBNA
_bpor
_cBiblioteca Nacional de Agricultura
041 _a(Por)
072 _aE10
_b/G514
090 _ E10 BR7908118
110 1 _aSuperintendencia do Desenvolvimento do Nordeste, Recife, PE (Brasil). Coordenacao de Planejamento Regional
_910151
245 1 _aFormacao bruta de capital fixo do setor publico no nordeste do Brasil, 1960-75
260 3 _aRecife, PE (Brasil):
_c1979.
300 _a52 p.
500 _a25 tables
650 _aEMPRESA PUBLICA
650 _aCAPITAL
650 _aINVESTIMENTO
650 _aFINANCIAMENTO
650 _aREGIAO NORDESTE
909 _a202309
_bLucia
_c55
_dLucia Elande
942 _cBK
999 _c28476
_d28476